00334pab a2200133 454500008004000000100001900040245004900059260000900108300001200117362000800129650002600137650001800163773001900181180718b1998 xxu||||| |||| 00| 0 eng d aMehra, Ajay K. aWages for the dons: missing the target again c1998 ap.39-40 aSep aTeacher wages - India aTeacher wages aPolitics India